Normal view
MARC view
Entry Personal Name
001 - CONTROL NUMBER
- control field: 28431
003 - CONTROL NUMBER IDENTIFIER
- control field: dpl
005 - DATE AND TIME OF LATEST TRANSACTION
- control field: 20110603164147.0
008 - FIXED-LENGTH DATA ELEMENTS
- fixed length control field: 110603|||a|||||| | ||| d
040 ## - CATALOGING SOURCE
- Original cataloging agency: dpl
- Transcribing agency: dpl
100 ## - HEADING--PERSONAL NAME
- Personal name: Smith, Vincent Arthur
- Dates associated with a name: 848-1920
670 ## - SOURCE DATA FOUND
- Source citation: Work cat.: (dpl)52720: Smith, Vincent Arthur 848-1920, The Oxford history of India/, 2010
670 ## - SOURCE DATA FOUND
- Source citation: Work cat.: (dpl)52720: Smith, Vincent Arthur 848-1920, The Oxford history of India/, 2010
